000 02172nam a22003377a 4500
999 _c21830
_d21830
003 AR-CdUCM
008 190425b ||||| |||| 00| 0 spa d
040 _aMUNICIPALIDAD PROVINCIAL DEL CUSCO
_cBIBLIOTECA MUNICIPAL DEL CUSCO
082 _aRev.Andi/N°3/1984
110 _aCentro Bartolomé de Las Casas
_93293
245 _aRevista andina /
_cCentro de estudios rurales andinos Bartolomé de Las Casas Cusco
260 _aCusco :
_bCentro Bartolomé de Las Casas,
_c1984.
300 _a352 páginas. :
_c23 cm.
440 _aPublicación Semestral del Centro Bartolomé de Las Casas Cusco.
_nAño 2, Número 3, N°1, Primer semestre 1984.
_946305
505 _aContenido: Chuta el espacio de la práctica social en Pacariqtambo Perú. Gary Urton. -- Debate en torno a los rostros de la plebe. -- Sobre criollos y criollismo. Antonio Acosta. -- La reconstrucción del Protoquechua. Rodolfo Cerrón-Palomino -- Yauyos un microcosmo dialectal quechua. Gerald Taylor. -- Estudio arqueológico de la necrópolis de Palla Palla. José Huidobro Bellido -- Investigaciones en etnohistoria de Ecuador. Chantal Caillavet. -- Albornoz y el espacio ritual andino prehispánico. Pierre Duviols. -- Crónicas Bibliográficas. -- Ludovico Bertonio (1557-1625) fuente única al mundo Aymara temprano. Xavier Albó, Félix Layo. -- Acerca de los estudios andinos en la Argentina. Rodolfo J. Merlino, Alicia C. Quereilhac. -- Acerca de la arqueología andina del norte de Chile: comentarios y referencias bibliográficas publicadas entre 1980-1983. Mario A. Rivera. -- Estudios Americanistas de Bonn. Roswith Hartmann.
650 _aComunidades campesinas
_92214
650 _aEconomía campesina
_92215
650 _aCultura andina
_946295
650 _aIdioma Quechua
_927790
650 _aArqueología andina
_934565
700 _aUrton, Gary
_926439
700 _aCerrón Palomino, Rodolfo
_97429
700 _aTaylor, Gerald
_92028
700 _aHuidobro Bellido, José
_946306
700 _aCaillavet, Chantal
_946307
700 _aDuviols, Pierre
_945039
700 _aAlbó, Xavier
_946308
700 _aHartmann, Roswith
_946309
942 _2ddc
_cPP
945 _arac